000 00805nam a2200229 a 4500
001 BRCA_8399
005 20190320210249.0
008 270115s2013----mx-a######---#000-0#spa-#
020 _a9786070249761
041 _aspa
044 _amx
050 4 _aBX1740
_b.I57 2013
245 1 0 _aLa inquisición en Nueva España
_bde vicios y virtudes, de hechizos y conspiraciones están hechos los hombres.
260 _aMéxico
_bUNAM, Facultad de Medicina : Palacio de la Escuela de Medicina
_c2013
300 _a141 p.
_bil. a color
_c28 cm.
500 _aIncluye glosario
500 _aIncluye piezas de la colección Franz Mayer: p. [6]
500 _a2do. ejemplar en el Área de Investigación
504 _aBibliografía: p. [139]-141
650 1 4 _aInquisición
_zNueva España
_921027
942 _2lcc
_cB
999 _c8067
_d8067